Computer organization and design: the hardware/ software interface. (4th ed.) (Record no. 79671)
[ view plain ]
| 000 -LEADER | |
|---|---|
| fixed length control field | 01413nam a2200253 a 4500 |
| 008 - FIXED-LENGTH DATA ELEMENTS--GENERAL INFORMATION | |
| fixed length control field | 150420s2012 ||||||||||||||||| || u |
| 020 ## - INTERNATIONAL STANDARD BOOK NUMBER | |
| International Standard Book Number | 9780123747501 |
| 050 ## - LIBRARY OF CONGRESS CALL NUMBER | |
| Classification number | QA76. 9. C643 Hen |
| 100 ## - MAIN ENTRY--PERSONAL NAME | |
| Personal name | Hennessy, John L |
| 245 10 - TITLE STATEMENT | |
| Title | Computer organization and design: the hardware/ software interface. (4th ed.) |
| Statement of responsibility, etc. | By David A. Pattersony, John L. Hennessy, |
| 250 ## - EDITION STATEMENT | |
| Edition statement | 4th ed. |
| 260 ## - PUBLICATION, DISTRIBUTION, ETC. | |
| Place of publication, distribution, etc. | Amsterdam |
| Name of publisher, distributor, etc. | Elsevier |
| Date of publication, distribution, etc. | 2012 |
| 300 ## - PHYSICAL DESCRIPTION | |
| Extent | xxv, 703p.: ill. |
| 350 ## - | |
| -- | 89.95 |
| 500 ## - GENERAL NOTE | |
| General note | Rev. ed. of: Computer organization and design / John L. Hennessy, David A. Patterson; Includes CD-ROM |
| 650 #0 - SUBJECT ADDED ENTRY--TOPICAL TERM | |
| Topical term or geographic name entry element | COMPUTER INTERFACES |
| 650 #0 - SUBJECT ADDED ENTRY--TOPICAL TERM | |
| Topical term or geographic name entry element | COMPUTER ENGINEERING |
| 650 #0 - SUBJECT ADDED ENTRY--TOPICAL TERM | |
| Topical term or geographic name entry element | COMPUTER ORGANIZATION |
| 700 ## - ADDED ENTRY--PERSONAL NAME | |
| Personal name | Patterson, David A |
| 995 ## - | |
| -- | MAIN LIBRARY OPEN ACCESS |
| -- | 745094 |
| -- | CBU-MAIN LIBRARY (Kitwe) |
| -- | 89.95 |
| -- | QA76.9.C643 Hen |
| -- | 2 |
| -- | AVAILABLE |
| -- | Apr 28, 2015 |
| -- | 745094 |
| -- | Main Library Open Access Collection |
| 995 ## - | |
| -- | MAIN LIBRARY OPEN ACCESS |
| -- | 745096 |
| -- | CBU-MAIN LIBRARY (Kitwe) |
| -- | 89.95 |
| -- | QA76.9.C643 Hen |
| -- | 4 |
| -- | AVAILABLE |
| -- | Apr 28, 2015 |
| -- | 745096 |
| -- | Main Library Open Access Collection |
| 995 ## - | |
| -- | ANNEX COLLECTION (Main Library) |
| -- | 745095 |
| -- | CBU-MAIN LIBRARY (Kitwe) |
| -- | 89.95 |
| -- | QA76.9.C643 Hen |
| -- | 3 |
| -- | AVAILABLE |
| -- | Apr 28, 2015 |
| -- | 745095 |
| -- | Annex Low-Usage Collection |
| 995 ## - | |
| -- | ANNEX COLLECTION (Main Library) |
| -- | 745093 |
| -- | CBU-MAIN LIBRARY (Kitwe) |
| -- | 89.95 |
| -- | QA76.9.C643 Hen |
| -- | 1 |
| -- | AVAILABLE |
| -- | Apr 27, 2015 |
| -- | 745093 |
| -- | Annex Low-Usage Collection |
| 999 ## - | |
| -- | 79671 |
| -- | 79671 |
| Withdrawn status | Lost status | Source of classification or shelving scheme | Damaged status | Not for loan | Permanent Location | Current Location | Shelving location | Date acquired | Total Checkouts | Full call number | Barcode | Date last seen | Copy number | Price effective from | Koha item type |
|---|---|---|---|---|---|---|---|---|---|---|---|---|---|---|---|
| CBU-MAIN LIBRARY, KITWE. | CBU-MAIN LIBRARY, KITWE. | 06/29/2023 | QA76. 9. C643 Hen | 745094 | 06/29/2023 | 1 | 06/29/2023 | MONOGRAPH | |||||||
| CBU-MAIN LIBRARY, KITWE. | CBU-MAIN LIBRARY, KITWE. | 06/29/2023 | QA76. 9. C643 Hen | 745096 | 06/29/2023 | 2 | 06/29/2023 | MONOGRAPH | |||||||
| CBU-MAIN LIBRARY, KITWE. | CBU-MAIN LIBRARY, KITWE. | 06/29/2023 | QA76. 9. C643 Hen | 745095 | 06/29/2023 | 3 | 06/29/2023 | MONOGRAPH | |||||||
| Withdrawn | CBU-MAIN LIBRARY, KITWE. | CBU-MAIN LIBRARY, KITWE. | 06/29/2023 | QA76. 9. C643 Hen | 745093 | 06/29/2023 | 4 | 06/29/2023 | MONOGRAPH |